000
00293nam a2200133Ia 4500
100
_a
Shah/M.M./ Kulkarni/ Vivek
942
_c
BK
654
_a
Programming
245
_a
Computer Programming 1
260
_b
Technova
_a
Pune
_c
2001
082
_a
5.1
_b
SHA/KUL
546
_a
ENGLISH
999
_c
29949
_d
29949